| 000 | 00996nam a2200301 i 4500 | ||
|---|---|---|---|
| 003 | DO-SdBNP | ||
| 005 | 20241018104846.0 | ||
| 007 | ta | ||
| 008 | 241018s2012 dr a 001 0 spa d | ||
| 020 | _a9789945404463 | ||
| 040 |
_aDO-SdBNP _bspa _cBNPHU _erda |
||
| 082 |
_a155.3 _bT238 _222 |
||
| 100 |
_4aut. _aTaylor, Donald L. _d1915-1987 _eautor _986729 |
||
| 245 | 1 | 0 |
_aEl desarrollo sexual humano: _bperspectivas de la educación sexual / _cDonald L. Taylor : versión al español Leonor Tejada |
| 264 | 1 |
_aMéxico: _bEdutex, _c1970. |
|
| 300 |
_axiv, 411 páginas, _bilustraciones _c23 cm. |
||
| 336 |
_2rdacontent _atexto _btxt |
||
| 337 |
_2rdamedia _asin mediación _bn |
||
| 338 |
_2rdacarrier _avolumen _bnc |
||
| 504 | _aIncluye referencias. | ||
| 590 | _aInventariado, 2024/ YL | ||
| 650 | 4 |
_aSexo _986726 |
|
| 650 | 4 | _aPsicología | |
| 650 | 4 |
_aEducación sexual _92374 |
|
| 700 | 1 |
_4trad. _aTejada, Leonor _etraducción _973343 |
|
| 910 | _aYLockward | ||
| 942 |
_2ddc _cLBS1 |
||
| 999 |
_c57908 _d57908 |
||